000 00336nam a22001577a 4500
003 SGT
020 _a978-93-8-5529-00-9
082 _a615.19
_bP16M
100 _aMEHTA, R.M
245 _aPHARMACEUTICS -1
250 _a6TH
260 _aHARYANA
_bVALLABH .PUB
_c2016
300 _a336
650 _aPHARMACEUTICS
942 _2ddc
_cBK
_029
999 _c9611
_d9611